000 00427nam a22001577a 4500
003 OSt
005 20170111120150.0
008 170111b xxu||||| |||| 00| 0 eng d
020 _a139780205646623
040 _cN/A
050 _aPE1408.M3854
_b2011
100 _aMarkus, Mimi.
245 _aWrite time, write place : paragraphs and essays
_cMarkus, Mimi.
260 _aNYC
_bPearson Publishing House
_c2011
942 _2lcc
_cBK
999 _c255330
_d255329